COURS 11 - Statistiques

Statistiques générales
  • Ce quiz a été pris 7 fois
  • Le résultat moyen est 13 sur 30
Statistiques - réponses
Évènement Date % Correct
Tournant de la rigueur 1983
100%
Restos du coeur 1985
100%
Démission du PM Chirac 1976
67%
Affaire des diamants 1979
67%
Mauroy PM 1981-1984
67%
Loi Defferre 1982
67%
Remboursement de l'IVG par la Sécu 1983
67%
1ere cohabitation 1986-1988
67%
Privatisation de TF1 1987
67%
Abolition de la peine de mort 10 octobre 1981
33%
Loi Veil 17 janvier 1975
33%
Regroupement familial 1976
33%
Fête de la musique 1982
33%
Marche pour l'égalité contre le racisme 1983
33%
Journée du patrimoine 1984
33%
Première campagne contre le SIDA 1987
33%
Prix unique du livre aout 1981
33%
fin de l'ORTF Décembre 1974
33%
Abandon du projet de loi Devaquet décembre 1986
33%
Majorité à 18 ans juillet 1974
33%
Loi Haby juillet 1975
33%
ZEP juillet 1981
33%
Autorisation des radios libres novembre 1981
33%
Création de canal + novembre 1984
33%
RMI Novembre 1988
33%
SOS Racisme octobre 1984
33%
AIDES Septembre 1984
33%
Fondation du ministère des Affaires culturelles 1959
0%
Premières émeutes urbaines 1979
0%
Loi Savary 1984
0%
Aucun quiz correspondant
Distribution des résultats
% des personnes avec chaque résultat
Percentile par nombre de réponses
Votre historique - résultats
Vous n’avez pas pris ce quiz